00547cam a2200181 a 450000100100000000500170001000800410002702000150006803500230008304000300010608200190013610000280015524500570018326000460024030000210028665000220030765000360032900000885420200929161426.0920413s1990 flu 000 f spa d a9583303437 a(OCoLC)ocm25636206 aDO-SdBNPcDLCdDLCdBNPHU aC863.44bC172p1 aCamargo Navas, Eduardo.10aPetróleo, sangre y selva /cEduardo Camargo Navas. aMiami, Florida, U.S.A. :bEmfasar,c1990. a375 p. ;c18 cm. 4aNovela colombiana 4aLiteratura colombianaySIGLO XX